Capitals, assets, and resources: some critical issues (Record no. 66217)

000 -LEADER
fixed length control field 00421pab a2200169 454500
008 - FIXED-LENGTH DATA ELEMENTS--GENERAL INFORMATION
fixed length control field 180718b2005 xxu||||| |||| 00| 0 eng d
100 ## - MAIN ENTRY--PERSONAL NAME
Personal name Savage, Mike
245 ## - TITLE STATEMENT
Title Capitals, assets, and resources: some critical issues
260 ## - PUBLICATION, DISTRIBUTION, ETC.
Date of publication, distribution, etc. 2005
300 ## - PHYSICAL DESCRIPTION
Extent p.31-47.
362 ## - DATES OF PUBLICATION AND/OR SEQUENTIAL DESIGNATION
Dates of publication and/or sequential designation Mar
650 ## - SUBJECT ADDED ENTRY--TOPICAL TERM
Topical term or geographic name entry element Capital
700 ## - ADDED ENTRY--PERSONAL NAME
Personal name Devine, Fiona
700 ## - ADDED ENTRY--PERSONAL NAME
Personal name Warde, Alan
773 ## - HOST ITEM ENTRY
Main entry heading British Journal of Sociology
909 ## -
-- 66217
Holdings
Withdrawn status Lost status Damaged status Not for loan Permanent Location Current Location Date acquired Serial Enumeration / chronology Barcode Date last seen Price effective from Koha item type
        Indian Institute of Public Administration Indian Institute of Public Administration 2018-07-19 Volume no: 56, Issue no: 1 AR66669 2018-07-19 2018-07-19 Articles

Powered by Koha